Etica y violencia política /
Gorde:
| Egile nagusia: | |
|---|---|
| Formatua: | Texto |
| Gaiak: | |
| Etiketak: |
Etiketa erantsi
Etiketarik gabe, Izan zaitez lehena erregistro honi etiketa jartzen!
|
MARC
| LEADER | 00000 a a2200000 04500 | ||
|---|---|---|---|
| 001 | 4176 | ||
| 003 | |||
| 040 | |||
| 090 | |a REV0229 (107) 1998 | ||
| 100 | |a Cortina, Adela | ||
| 245 | |a Etica y violencia política / |c Adela Cortina | ||
| 650 | |a ETICA | ||
| 650 | |a VIOLENCIA | ||
| 650 | |a POLITICA | ||
| 650 | |a ESTADO | ||
| 650 | |a SOCIEDAD CIVIL | ||
| 650 | |a PODER POLITICO | ||
| 650 | |a GUERRILLA | ||
| 650 | |a REVOLUCION | ||
| 773 | |g número 107; páginas 53-70 | ||
| 999 | |c 39410 |d 39410 | ||
